Modely vo verejnej správe bakalárska práca

Guardado en:
Detalles Bibliográficos
Autor principal: Smatanová, Petra
Autor Corporativo: Národohospodárska fakulta EU. Katedra verejnej správy a regionálneho rozvoja
Otros Autores: Birčár, František
Formato: Libro
Lenguaje:eslovaco
Publicado: Bratislava 2014
Etiquetas: Agregar Etiqueta
Sin Etiquetas, Sea el primero en etiquetar este registro!

MARC

LEADER 00000nbm a2200000 4500
001 0189271
005 20170201085221.3
041 0 |a slo 
044 |a SK 
245 1 0 |a Modely vo verejnej správe  |b bakalárska práca  |c Petra Smatanová ; školiteľ: František Birčár 
264 1 |a Bratislava  |c 2014 
300 |a 40 s. 
100 1 |a Smatanová, Petra 
700 1 |a Birčár, František 
710 2 |a Národohospodárska fakulta EU. Katedra verejnej správy a regionálneho rozvoja